000 00535nam a22001937a 4500
003 NLp
005 20140310182820.0
008 130304t xxu||||| |||| 00| 0 eng d
020 _a8171798357
050 _aQP 34.5
_b.B594 2001
100 _aBijlani, RL.
245 _aFundamentals of physiology :
_ba textbook for nursing students /
_cRL Bijlani
260 _aNew Delhi :
_bJaypee Brothers Medical Pub.,
_c2001.
300 _a434 p. :
_bill. ;
_c24 cm.
521 _aNUR
562 _e1
942 _2lcc
_cBK
_kFOR
999 _c16371
_d16371